000
00492nam a2200181Ia 4500
008
090124s9999 xx 000 0 und d
082
_b
121841
100
_a
रायकर प्रतिभा
245
_a
हिंदोळा
250
_a
1
260
_c
1986
300
_a
200
600
_a
रायकर प्रतिभा
630
_a
हिंदोळा
700
_a
रायकर प्रतिभा
730
_a
हिंदोळा
942
_c
BOOK
999
_c
167927
_d
167927